| 000 | 00485nam a22001697a 4500 | ||
|---|---|---|---|
| 999 |
_c61382 _d61382 |
||
| 005 | 20240304115255.0 | ||
| 008 | 240304s2021 tu ||||| |||| 00| 0 tur d | ||
| 020 | _a9789944881722 | ||
| 041 | _atur | ||
| 080 | _a94(560) A-29 | ||
| 100 |
_aAksin, Sina _921307 |
||
| 245 |
_aKisa Turkiye Tarihi / _cSina Aksin. |
||
| 264 |
_aIstanbul, _c2021. |
||
| 300 |
_a342 p.; _b23 cm. |
||
| 653 | _aთურქეთის მოკლე ისტორია | ||
| 942 |
_2udc _cᲬᲘᲒᲜᲘ |
||